000 00235nam a2200085Ia 4500
008 170620s9999 xx 000 0 und d
100 _aChowdary- S. B. J. R.
245 0 _aMastery of Teaching Skills
260 _bNew Delhi- Discovery Publishing House
260 _c2006
999 _c24417
_d24417